Are Supporting Sectors of the Creative Industries Inferior? Current study from Slovakia.
Analýza súčasneho stavu podporných sektorov v kreatívnych odvetviach. Kvantifikácia a identifikácia úlohy podporných sektorov v slovenskej ekonomike. Regionálne umiestnenie subjektov podporujúcich sektorov kreatívneho priemyslu a regionálne rozdiely. Vonkajšie zdroje v kapitálovej štruktúre podnikov...
Uložené v:
| Hlavný autor: | |
|---|---|
| Ďalší autori: | |
| Médium: | Kapitola |
| Jazyk: | English |
| Predmet: | |
| Tagy: |
Žiadne tagy, Buďte prvý, kto otaguje tento záznam!
|
MARC
| LEADER | 00000naa$a2200000$$$4500 | ||
|---|---|---|---|
| 001 | 0270413 | ||
| 005 | 20240502083813.3 | ||
| 041 | 0 | |a eng | |
| 044 | |a FR | ||
| 245 | 1 | 0 | |a Are Supporting Sectors of the Creative Industries Inferior? Current study from Slovakia. |c Mária Kmety Barteková, Helena Majdúchová |
| 520 | |a Analýza súčasneho stavu podporných sektorov v kreatívnych odvetviach. Kvantifikácia a identifikácia úlohy podporných sektorov v slovenskej ekonomike. Regionálne umiestnenie subjektov podporujúcich sektorov kreatívneho priemyslu a regionálne rozdiely. Vonkajšie zdroje v kapitálovej štruktúre podnikov podporujúcich sektorov. Finančné bohatstvo podnikov. Vlastnícka štruktúra podnikov podporujúcich sektorov na Slovensku. | ||
| 610 | 2 | 0 | |a priemysel kreatívny |
| 610 | 2 | 0 | |a podpora podnikania |
| 610 | 2 | 0 | |a štruktúra kapitálová |
| 610 | 2 | 0 | |a financovanie |
| 610 | 2 | 0 | |a podnik |
| 610 | 2 | 0 | |a Slovensko |
| 100 | 1 | |a Kmety Barteková, Mária, 1992- | |
| 700 | 1 | |a Majdúchová, Helena, 1963- | |